Adalet kutusu (Record no. 9846)

MARC details
000 -BAŞLIK
Sabit Uzunlukta Kontrol Alanı 01342na a2200385 4500
999 ## - SİSTEM KONTROL NUMARALARI (KOHA)
Koha Biblionumber 9846
Koha Biblioitemnumber 9846
001 - KONTROL NUMARASI
Denetim Alanı 23667
003 - KONTROL NUMARASI IDENTIFIER
Denetim Alanı MIRAKIL
005 - SON İŞLEM TARİHİ VE ZAMANI
Denetim Alanı 20200708154308.0
008 - SABİT-BOY VERİ ELEMANLARI - GENEL BİLGİLER
Sabit Uzunlukta Kontrol Alanı 171124b tu 000 0
020 ## - ULUSLARARASI STANDART KİTAP NUMARASI
Uluslararası Standart Kitap Numarası 9786058596887
035 ## - SİSTEM KONTROL NUMARASI
Sistem Kontrol Numarası 20534
040 ## - KATALOGLAMA KAYNAK
Orijinal Kataloglama Ajansı Milas
Kataloglama Dili tur
Metne Dönüştürmek Ajansı TR-AnCHP
041 ## - DİL KODU
Metin / Ses Parça Veya Ayrı Başlığın Dil Kodu tur
082 ## - DEWEY ONLU SINIFLANDIRMA NUMARASI
Sınıflandırma Numarası CHP 324.23072
Ürün Numarası C36a 2017
090 ## - SINIFLAMA NUMARASI
Sınıflama Numarası CHP 324.23072 C36a 2017
110 ## - ANA GİRİŞ - KURUMSAL ADI
Giriş Elemanı Olarak Kurumsal Ad Veya Yargı Alanı Adı Cumhuriyet Halk Partisi (CHP)
111 ## - ANA GİRİŞ - TOPLANTI ADI
Giriş Elemanı Olarak Toplantı Adı Veya Yargı Alanı Adı Adalet kurultayı
Toplantının Yeri Çanakkale
Toplantı Veya Antlaşma İmzalandığı Tarihi 26-29 Ağustos 2017
222 ## - ANAHTAR ADI
Anahtar Başlık Adalet Kurultayı
245 ## - BAŞLIK TABLOSU
Başlık Adalet kutusu
Sorumluluk Tablosu, Vb yayına hazırlayan Onur Bilge Kula
246 ## - UNVAN FORM VARYING
Başlık Doğru / Kısa Başlığı Adalet Kurultayı
260 ## - YAYIN, DAĞITIM, VB
Yayın, Dağıtım, Vb Yeri Ankara
Yayıncı, Dağıtıcı, Vs Adı CHP
Yayın, Dağıtım, Vb Tarihi 2017
Üretici Firma Başkent klişe matbaacılık
300 ## - FİZİKSEL TANIM
Kapsam 224 s.
Boyutlar 22 sm.
440 ## - SERİSİ TABLOSU / KATMA GİRİŞİ - BAŞLIK
Başlık Cumhuriyet Halk Partisi yayınları
Bir İşin Parçası / Bölümün İsmi 8
610 ## - KONU KATMA GİRİŞ - TOPLANTI ADI
Giriş Elemanı Olarak Kurumsal Ad Veya Yargı Alanı Adı Cumhuriyet Halk Partisi (CHP)
Genel Alt Bölüm Adalet Kurultayı, 2017
Coğrafi Alt Bölüm Çanakkale
610 ## - KONU KATMA GİRİŞ - TOPLANTI ADI
Giriş Elemanı Olarak Kurumsal Ad Veya Yargı Alanı Adı Cumhuriyet Halk Partisi (CHP)
Genel Alt Bölüm Kurultaylar, 2017
610 ## - KONU KATMA GİRİŞ - TOPLANTI ADI
Giriş Elemanı Olarak Kurumsal Ad Veya Yargı Alanı Adı Cumhuriyet Halk Partisi (CHP)
Genel Alt Bölüm Toplantılar
650 ## - KONU KATMA GİRİŞ - TOPİKAL DÖNEM
Topikal Süreli Veya Coğrafi Ad Giriş Elemanı Siyasal partiler
Genel Alt Bölümü CHP
Kronolojik Alt Bölümü Propaganda ve ideolojiler
650 ## - KONU KATMA GİRİŞ - TOPİKAL DÖNEM
Topikal Süreli Veya Coğrafi Ad Giriş Elemanı Siyaset ve yönetim
Genel Alt Bölümü Türkiye
700 ## - KATMA GİRİŞ - KİŞİSEL İSİM
Kişisel Ad Kula, Onur Bilge
740 ## - KATMA GİRİŞ - KONTROLSUZ İLGİLİ / ANALİTİK BAŞLIK
Kontrol Edilmeyen / İlgili Analitik Başlıktaki Adalet Kurultayı
830 ## - SERİSİ EKLENDİ GİRİŞ - ÜNİFORM ADI
Üniforma Başlık CHP yayınları
942 ## - EKLENDİ GİRİŞ ELEMANLARI (KOHA)
Sınıflandırma Veya Raf Düzeni Kaynak Dewey Decimal Classification
Koha Öğesi Türü Books
999 ## - SİSTEM KONTROL NUMARALARI (KOHA)
Koha Biblioitemnumber 9846
Holdings
Kalıcı Konum Mevcut Konum Edinme Tarihi Edinim Kaynak Toplam Check-Out'Lar Tam Çağrı Numarası Barkod Tarih Son Görülme İtibaren Geçerli Fiyatlar Koha Öğesi Türü Kopya Sayısı Kullanım Kısıtlamaları
CHP Kütüphanesi CHP Kütüphanesi 11/24/2017 Bağış   CHP 324.23072 C36a 2017 017660 11/24/2017 11/24/2017 Books    
CHP Kütüphanesi CHP Kütüphanesi 11/24/2017 Bağış   CHP 324.23072 C36a 2017 017661 11/24/2017 11/24/2017 Books k.2  
CHP Kütüphanesi CHP Kütüphanesi 02/21/2024     CHP 324.23072 C36a 2017 21090 02/21/2024 02/21/2024 Books k.5 Kütüphane dışına çıkarılamaz
CHP Kütüphanesi CHP Kütüphanesi 02/21/2024     CHP 324.23072 C36a 2017 21091 02/21/2024 02/21/2024 Books k.6 Kütüphane dışına çıkarılamaz